000 00324nam a2200109Ia 4500
008 171211s9999 xx 000 0 und d
245 _aPainting Vibrant Flowers in Watercolor: Revised & Expanded
245 _cSoon Y. Warren
260 _c2014
650 _xDrawing
856 _uhttp://down.ebook777.com/005/9781440336157.rar
999 _c348029
_d348029